000 00236nam a22000857a 4500
008 160905b xxu||||| |||| 00| 0 eng d
100 _9296
_aRangaraj R
245 _aTogether with Science-X
260 _aNew Delhi
_bRachna Sagar publication
_c2008
999 _c2955
_d2955